LEADER 00745naa a2200205 u 4500 001 000000100589 003 CaOOAMICUS 005 20070226130203.0 008 051123s1978 it u000 u ita u 035 $a11070110 040 $aIAR$bita 100 1 $aDerla, Luigi.$0(OLS)http://pul/name/3760 245 10$a"Pubblico" e "privato" nel sistema di Machiavelli /$cLuigi Derla. 260 $a[Milano :$bVita e pensiero],$c[1978] 300 $aS. 426-449 ;$c25 cm 730 0 $aAevum$g[Spogli].$0(OLS)http://pul/title/11692 773 0 $aAevum ;.$k52 (1978) 773 0 $tAevum$w()8026 996 $6245$a"Pubblico" e "privato" nel sistema di Machiavelli$9(OLS)http://pul/title/127487 996 $6260$a[Milano :$bVita e pensiero]$9(OLS)http://pul/publisher/79155 LEADER 01126nam a2200277 u 4500 001 000000050668 003 CaOOAMICUS 005 20070226115241.0 008 000824s1982 enk u000 u eng u 020 $a0198154534 035 $a10853968 040 $aPUL(R)$bita 100 1 $aWeingreen, Jacob.$0(OLS)http://pul/name/36436 245 10$aIntroduction to the critical study of the text of the Hebrew Bible /$cJ. Weingreen. 260 $aOxford :$bClarendon Press,$c1982. 300 $a98 p. ;$c21 cm 500 $aInclude indici. 504 $aBibliografia p. 98. 630 04$aBiblia.$pV.T.$xCritica e interpretazione.$0(OLS)http://pul/subject/3062 850 $aPUL 852 $aPUL$W1$xDP1 Fondo Ciprotti$y59$m1534 F 24$j67169$nBK-PRI$b $qFondi$B67169$CPULBib$Z2$F67169 $H $81 941 1 $a1 961 $aINV: 0699. Fondo Ciprotti 996 $6020$a0198154534$9(OLS)http://pul/number/64134 996 $6245$aIntroduction to the critical study of the text of the Hebrew Bible$9(OLS)http://pul/title/68189 996 $6260$aOxford :$bClarendon Press$9(OLS)http://pul/publisher/48412